000 00549nam a2200169 i 4500
001 36599
003 ES-MaACL
007 t|
008 030218s1985 sp ||||1| spa d
020 _a84-01-38045-6
100 1 _aBryce Echenique, Alfredo.
_932256
245 1 3 _aEl hombre que hablaba de Octavia de Cádiz
_b: cuaderno de navegación en un sillón Voltaire /
_cAlfredo Bryce Echenique.
250 _a1ª ed.
260 _aEsplugues de Llobregat :
_bPlaza & Janés,
_c1985.
300 _a314 p. ;
_c22 cm.
852 _aES-MaACL
_jL-8837
_bR.108903
999 _c36599
_d36599